| 000 | 00912cam a22002657a 4500 | ||
|---|---|---|---|
| 999 |
_c13934 _d13934 |
||
| 003 | EG-ScBUE | ||
| 005 | 20200122133701.0 | ||
| 008 | 100426s1995 ua f 000 0 ara d | ||
| 040 |
_aEG-SCBE _bara _erda _cEG-ScBUE _dEG-ScBUE |
||
| 082 | 0 | 4 |
_a892.7099282 _bي و س _222 |
| 100 | 1 |
_aيوسف، عبد التواب، _d1928-2015، _eمؤلف. _913675 |
|
| 245 | 1 | 0 |
_aعن أدب الطفل / _cعبد التواب يوسف. |
| 264 | 1 |
_aالقاهرة : _bالهيئة العامة لقصور الثقافة، _c1995. |
|
| 300 |
_a273 صفحة ؛ _c19 سم |
||
| 336 |
_2rdacontent _aنص _btxt |
||
| 337 |
_2rdamedia _aبدون وسيط _bn |
||
| 338 |
_2rdacarrier _aمجلد _bnc |
||
| 490 | 0 |
_aمكتبة الشباب ؛ _v32 |
|
| 541 | _aد. باسم. | ||
| 590 | _aeman | ||
| 650 | 7 |
_aأدب الأطفال. _2BUEsh _913676 |
|
| 653 |
_bARALIT _cJanuary2020 |
||
| 655 | _vReading book | ||
| 942 |
_2ddc _cBB |
||